आरोग्याSाा रखवालदार (Record no. 310811)

MARC details
000 -LEADER
fixed length control field 00536nam a2200157Ia 4500
008 - FIXED-LENGTH DATA ELEMENTS--GENERAL INFORMATION
fixed length control field 090711s9999 xx 000 0 und d
082 ## - DEWEY DECIMAL CLASSIFICATION NUMBER
Item number 73727
100 ## - MAIN ENTRY--PERSONAL NAME
Personal name साठवणे पां. आ.
245 ## - TITLE STATEMENT
Title आरोग्याSाा रखवालदार
300 ## - PHYSICAL DESCRIPTION
Extent 136
600 ## - SUBJECT ADDED ENTRY--PERSONAL NAME
Personal name साठवणे पां. आ.
630 ## - SUBJECT ADDED ENTRY--UNIFORM TITLE
Uniform title आरोग्याSाा रखवालदार
700 ## - ADDED ENTRY--PERSONAL NAME
Personal name साठवणे पां. आ.
730 ## - ADDED ENTRY--UNIFORM TITLE
Uniform title आरोग्याSाा रखवालदार
942 ## - ADDED ENTRY ELEMENTS (KOHA)
Koha item type Book
Holdings
Withdrawn status Lost status Damaged status Not for loan Home library Current library Date acquired Cost, normal purchase price Total Checkouts Full call number Barcode Date last seen Cost, replacement price Price effective from Koha item type
        Dadar Sarvajanik Vachanalaya, Dardar Dadar Sarvajanik Vachanalaya, Dardar 07/11/2009 300.00   73727 DASAVA-73727 07/11/2009 300.00 07/11/2009 Book